Italienische Spezialitäten - Statistiken

Allgemein
  • Dieses Quiz wurde 1.581 mal gespielt
  • Das Durchschnittsergebnis liegt bei 8 aus 16
Antwortstatistiken
Bildquiz Antwort % Korrekt
Pizza
100%
Eis
96%
Lasagne
95%
Tiramisù
90%
Bruschetta
75%
Pasta
68%
Risotto
57%
Limoncello
56%
Parmaschinken
42%
Carpaccio
35%
Focaccia
33%
Pannetone
23%
Cannoli
16%
Arancini
14%
Pandoro
6%
Sfogliatelle
2%
Keine übereinstimmenden Quizze gefunden
Verteilung der Resultate
Anzahl Personen mit jedem Resultat
Perzentil nach korrekt beantworteten Fragen
Ihre Resultats-Entwicklung
Sie haben dieses Quiz noch nicht gespielt